Normal view
MARC view
- McCalla, William J
Entry Personal Name
001 - CONTROL NUMBER
- control field: 100752
003 - CONTROL NUMBER IDENTIFIER
- control field: NUST
005 - DATE AND TIME OF LATEST TRANSACTION
- control field: 20221019105606.0
008 - FIXED-LENGTH DATA ELEMENTS
- fixed length control field: 221019|| aca||aabn | a|a d
040 ## - CATALOGING SOURCE
- Original cataloging agency: NUST
- Transcribing agency: NUST
100 ## - HEADING--PERSONAL NAME
- Personal name: McCalla, William J
670 ## - SOURCE DATA FOUND
- Source citation: Work cat.: (NUST)175459: McCalla, William J., Fundamentals of computer-aided circuit simulation /, [1987], c1988.
